00000000nam##2200000za#4500
0019.573166
003CaOODSP
00520210624183555
007cr |||||||||||
008150406|2005||||xxc|||||o    f|0| 0 eng|d
040 |aCaOODSP|beng
043 |an-cn---
0861 |aBT31-4/7-2005E-PDF
1101 |aCanada. |bTreasury Board.
24510|aNational Energy Board, departmental performance report for the period ending March 31, 2005 |h[electronic resource]
260 |aOttawa - Ontario : |bTreasury Board of Canada Secretariat |c[2005].
300 |a63p.|bfigs., graphs, map, organization chart, references, tables
4901 |aPerformance report for the period ending March 31, 2005
590 |a12-07-Supp|b2012-03-09
77508|tOffice national de l'énergie - rapport ministériel sur le rendement pour la période se terminant le 31 mars 2005 |w(CaOODSP)9.603380
7760#|tNational Energy Board |w(CaOODSP)9.541854
7760#|tOffice national de l'énergie |w(CaOODSP)9.541855
830#0|aPerformance report for the period ending March 31, 2005.|w(CaOODSP)9.506266
85640|ahttp://publications.gc.ca|qPDF|s649 KB|uhttps://publications.gc.ca/collections/collection_2012/sct-tbs/BT31-4-7-2005-eng.pdf